000 01021cam a22002175a 4500
001 L160126
008 180705s2018 xxk f 000 0 eng d
035 _a(Sirsi) u160126
041 0 _aeng
100 1 _aFinch, Edward
245 0 0 _aHot-desking
_bWhat does it mean for facility managers?
_h[electronic resource]
260 _aLondon
_bAnabas
_c2018
520 _aConsiders four important challenges the facility manager faces when introducing the concept of hot desking within an organisaiton invludingconnecting righsizing, retrofitting and engaging with management and employees. Examines how these factors can nfluence the success of a hot-desking program and makes recommendations on the best way to approach them.
590 _aNTK
650 2 4 _aHOT DESKING
650 2 4 _aFLEXIBLE WORKING
651 4 _aUNITED KINGDOM
690 _aFacilities management
_96240
856 4 0 _uhttps://www.anabas.co.uk/whitepaper/
_zView the item free of charge (Preregistration required) from www.anabas.co.uk
942 _n0
999 _c116238
_d116238